Loading...
| Literature - European | 0 | 10 | 0 | 1 | 100 | 74 | 111.10 | 5 | 7 | 0.00 | 0.00 |
| Literature - British | 0 | 9 | 0 | 0 | 90 | 63 | 91.00 | 6 | 7 | 0.00 | 0.00 |
| Literature - World | 0 | 9 | 2 | 0 | 80 | 38 | 90.33 | 3 | 6 | 0.00 | 0.00 |
| Literature - American | 0 | 7 | 2 | 0 | 60 | 45 | 94.43 | 3 | 6 | 0.00 | 0.00 |
| Mythology | 0 | 4 | 1 | 1 | 35 | 83 | 112.25 | 1 | 3 | 0.00 | 0.00 |
| Social Science | 0 | 3 | 0 | 0 | 30 | 94 | 103.00 | 0 | 3 | 0.00 | 0.00 |
| Philosophy | 0 | 4 | 2 | 1 | 30 | 64 | 110.00 | 1 | 2 | 0.00 | 0.00 |
| Other | 0 | 2 | 0 | 1 | 20 | 52 | 90.50 | 0 | 1 | 0.00 | 0.00 |
| Fine Arts - Painting & Sculpture | 0 | 1 | 1 | 0 | 5 | 132 | 132.00 | 0 | 1 | 0.00 | 0.00 |
| Religion | 0 | 1 | 1 | 1 | 5 | 133 | 133.00 | 0 | 1 | 0.00 | 0.00 |
| History - Other | 0 | 0 | 0 | 0 | 0 | 0.00 | 0 | 0 | 0.00 | 0.00 |